000 00295nam a22001337a 4500
008 181203b xxu||||| |||| 00| 0 eng d
020 _a9780300062984
041 _aeng
080 _a701
100 _a44
101 _aART
245 _aClaude Monet Life and Art
_cTucker,P.H
942 _2udc
_cBK
999 _c52706
_d52706